<?xml version="1.0" encoding="UTF-8"?>
<record
    xmlns:xsi="http://www.w3.org/2001/XMLSchema-instance"
    xsi:schemaLocation="http://www.loc.gov/MARC21/slim http://www.loc.gov/standards/marcxml/schema/MARC21slim.xsd"
    xmlns="http://www.loc.gov/MARC21/slim">

  <leader>00687nam a22002537a 4500</leader>
  <controlfield tag="005">20230301112738.0</controlfield>
  <controlfield tag="008">230301b           ||||| |||| 00| 0 eng d</controlfield>
  <datafield tag="040" ind1=" " ind2=" ">
    <subfield code="c">AL</subfield>
  </datafield>
  <datafield tag="041" ind1=" " ind2=" ">
    <subfield code="a">eng</subfield>
  </datafield>
  <datafield tag="082" ind1=" " ind2=" ">
    <subfield code="2">23</subfield>
    <subfield code="a">580/191</subfield>
    <subfield code="b">KOCP</subfield>
  </datafield>
  <datafield tag="100" ind1=" " ind2=" ">
    <subfield code="a">P L Kochhar</subfield>
    <subfield code="9">73719</subfield>
  </datafield>
  <datafield tag="245" ind1=" " ind2=" ">
    <subfield code="a">Plant ecology genetics and evolution</subfield>
  </datafield>
  <datafield tag="250" ind1=" " ind2=" ">
    <subfield code="a">8</subfield>
  </datafield>
  <datafield tag="260" ind1=" " ind2=" ">
    <subfield code="a">Jullundur</subfield>
    <subfield code="b">S Nagin &amp; Co</subfield>
    <subfield code="c">1973</subfield>
  </datafield>
  <datafield tag="300" ind1=" " ind2=" ">
    <subfield code="a">xi,396p.</subfield>
    <subfield code="b">PB</subfield>
    <subfield code="c">20x13cm.</subfield>
  </datafield>
  <datafield tag="365" ind1=" " ind2=" ">
    <subfield code="2">Botany</subfield>
    <subfield code="b">20.00</subfield>
    <subfield code="c">&#x20B9;</subfield>
    <subfield code="d">20.00</subfield>
  </datafield>
  <datafield tag="650" ind1=" " ind2=" ">
    <subfield code="a">Plant Communities</subfield>
    <subfield code="9">73710</subfield>
  </datafield>
  <datafield tag="650" ind1=" " ind2=" ">
    <subfield code="a">Applied Ecology</subfield>
    <subfield code="9">73711</subfield>
  </datafield>
  <datafield tag="650" ind1=" " ind2=" ">
    <subfield code="a">Ecosystem</subfield>
    <subfield code="9">73712</subfield>
  </datafield>
  <datafield tag="650" ind1=" " ind2=" ">
    <subfield code="a">Mutations</subfield>
    <subfield code="9">73713</subfield>
  </datafield>
  <datafield tag="650" ind1=" " ind2=" ">
    <subfield code="a">Gene Action</subfield>
    <subfield code="9">73714</subfield>
  </datafield>
  <datafield tag="700" ind1=" " ind2=" ">
    <subfield code="a">KOCHHAR (P L)</subfield>
    <subfield code="9">73715</subfield>
  </datafield>
  <datafield tag="942" ind1=" " ind2=" ">
    <subfield code="2">ddc</subfield>
    <subfield code="c">BB</subfield>
  </datafield>
  <datafield tag="999" ind1=" " ind2=" ">
    <subfield code="c">226841</subfield>
    <subfield code="d">226841</subfield>
  </datafield>
  <datafield tag="952" ind1=" " ind2=" ">
    <subfield code="0">0</subfield>
    <subfield code="1">0</subfield>
    <subfield code="2">ddc</subfield>
    <subfield code="4">0</subfield>
    <subfield code="7">0</subfield>
    <subfield code="8">BOT</subfield>
    <subfield code="a">AL</subfield>
    <subfield code="b">AL</subfield>
    <subfield code="c">UGC</subfield>
    <subfield code="d">2021-02-17</subfield>
    <subfield code="l">0</subfield>
    <subfield code="o">580/191 KOCP</subfield>
    <subfield code="p">BB02976</subfield>
    <subfield code="r">2023-03-01 00:00:00</subfield>
    <subfield code="w">2023-03-01</subfield>
    <subfield code="y">BB</subfield>
  </datafield>
  <datafield tag="952" ind1=" " ind2=" ">
    <subfield code="0">0</subfield>
    <subfield code="1">0</subfield>
    <subfield code="2">ddc</subfield>
    <subfield code="4">0</subfield>
    <subfield code="7">0</subfield>
    <subfield code="8">BOT</subfield>
    <subfield code="a">AL</subfield>
    <subfield code="b">AL</subfield>
    <subfield code="c">UGC</subfield>
    <subfield code="d">2021-02-17</subfield>
    <subfield code="l">0</subfield>
    <subfield code="o">580/184 KOCP</subfield>
    <subfield code="p">BB02969</subfield>
    <subfield code="r">2023-03-01 00:00:00</subfield>
    <subfield code="w">2023-03-01</subfield>
    <subfield code="y">BB</subfield>
  </datafield>
  <datafield tag="952" ind1=" " ind2=" ">
    <subfield code="0">0</subfield>
    <subfield code="1">0</subfield>
    <subfield code="2">ddc</subfield>
    <subfield code="4">0</subfield>
    <subfield code="7">0</subfield>
    <subfield code="8">BOT</subfield>
    <subfield code="a">AL</subfield>
    <subfield code="b">AL</subfield>
    <subfield code="c">UGC</subfield>
    <subfield code="d">2021-02-17</subfield>
    <subfield code="l">0</subfield>
    <subfield code="o">580/190 KOCP</subfield>
    <subfield code="p">BB02975</subfield>
    <subfield code="r">2023-03-01 00:00:00</subfield>
    <subfield code="w">2023-03-01</subfield>
    <subfield code="y">BB</subfield>
  </datafield>
  <datafield tag="952" ind1=" " ind2=" ">
    <subfield code="0">0</subfield>
    <subfield code="1">0</subfield>
    <subfield code="2">ddc</subfield>
    <subfield code="4">0</subfield>
    <subfield code="7">0</subfield>
    <subfield code="8">BOT</subfield>
    <subfield code="a">AL</subfield>
    <subfield code="b">AL</subfield>
    <subfield code="c">UGC</subfield>
    <subfield code="d">2021-02-17</subfield>
    <subfield code="l">0</subfield>
    <subfield code="o">580/189 KOCP</subfield>
    <subfield code="p">BB02974</subfield>
    <subfield code="r">2023-03-01 00:00:00</subfield>
    <subfield code="w">2023-03-01</subfield>
    <subfield code="y">BB</subfield>
  </datafield>
  <datafield tag="952" ind1=" " ind2=" ">
    <subfield code="0">0</subfield>
    <subfield code="1">0</subfield>
    <subfield code="2">ddc</subfield>
    <subfield code="4">0</subfield>
    <subfield code="7">0</subfield>
    <subfield code="8">BOT</subfield>
    <subfield code="a">AL</subfield>
    <subfield code="b">AL</subfield>
    <subfield code="c">UGC</subfield>
    <subfield code="d">2021-02-17</subfield>
    <subfield code="l">0</subfield>
    <subfield code="o">580/185 KOCP</subfield>
    <subfield code="p">BB02970</subfield>
    <subfield code="r">2023-03-01 00:00:00</subfield>
    <subfield code="w">2023-03-01</subfield>
    <subfield code="y">BB</subfield>
  </datafield>
  <datafield tag="952" ind1=" " ind2=" ">
    <subfield code="0">0</subfield>
    <subfield code="1">0</subfield>
    <subfield code="2">ddc</subfield>
    <subfield code="4">0</subfield>
    <subfield code="7">0</subfield>
    <subfield code="8">BOT</subfield>
    <subfield code="a">AL</subfield>
    <subfield code="b">AL</subfield>
    <subfield code="c">UGC</subfield>
    <subfield code="d">2021-02-17</subfield>
    <subfield code="l">0</subfield>
    <subfield code="o">580/186 KOCP</subfield>
    <subfield code="p">BB02971</subfield>
    <subfield code="r">2023-03-01 00:00:00</subfield>
    <subfield code="w">2023-03-01</subfield>
    <subfield code="y">BB</subfield>
  </datafield>
  <datafield tag="952" ind1=" " ind2=" ">
    <subfield code="0">0</subfield>
    <subfield code="1">0</subfield>
    <subfield code="2">ddc</subfield>
    <subfield code="4">0</subfield>
    <subfield code="7">0</subfield>
    <subfield code="8">BOT</subfield>
    <subfield code="a">AL</subfield>
    <subfield code="b">AL</subfield>
    <subfield code="c">UGC</subfield>
    <subfield code="d">2021-02-17</subfield>
    <subfield code="l">0</subfield>
    <subfield code="o">580/8 KOCP</subfield>
    <subfield code="p">BB00217</subfield>
    <subfield code="r">2023-03-01 00:00:00</subfield>
    <subfield code="w">2023-03-01</subfield>
    <subfield code="y">BB</subfield>
  </datafield>
  <datafield tag="952" ind1=" " ind2=" ">
    <subfield code="0">0</subfield>
    <subfield code="1">0</subfield>
    <subfield code="2">ddc</subfield>
    <subfield code="4">0</subfield>
    <subfield code="7">0</subfield>
    <subfield code="8">BOT</subfield>
    <subfield code="a">AL</subfield>
    <subfield code="b">AL</subfield>
    <subfield code="c">UGC</subfield>
    <subfield code="d">2021-02-17</subfield>
    <subfield code="l">0</subfield>
    <subfield code="o">580/14 KOCP</subfield>
    <subfield code="p">BB00223</subfield>
    <subfield code="r">2023-03-01 00:00:00</subfield>
    <subfield code="w">2023-03-01</subfield>
    <subfield code="y">BB</subfield>
  </datafield>
  <datafield tag="952" ind1=" " ind2=" ">
    <subfield code="0">0</subfield>
    <subfield code="1">0</subfield>
    <subfield code="2">ddc</subfield>
    <subfield code="4">0</subfield>
    <subfield code="7">0</subfield>
    <subfield code="8">BOT</subfield>
    <subfield code="a">AL</subfield>
    <subfield code="b">AL</subfield>
    <subfield code="c">UGC</subfield>
    <subfield code="d">2021-02-17</subfield>
    <subfield code="l">0</subfield>
    <subfield code="o">580/11 KOCP</subfield>
    <subfield code="p">BB00220</subfield>
    <subfield code="r">2023-03-01 00:00:00</subfield>
    <subfield code="w">2023-03-01</subfield>
    <subfield code="y">BB</subfield>
  </datafield>
  <datafield tag="952" ind1=" " ind2=" ">
    <subfield code="0">0</subfield>
    <subfield code="1">0</subfield>
    <subfield code="2">ddc</subfield>
    <subfield code="4">0</subfield>
    <subfield code="7">0</subfield>
    <subfield code="8">BOT</subfield>
    <subfield code="a">AL</subfield>
    <subfield code="b">AL</subfield>
    <subfield code="c">UGC</subfield>
    <subfield code="d">2021-02-17</subfield>
    <subfield code="l">0</subfield>
    <subfield code="o">580/9 KOCP</subfield>
    <subfield code="p">BB00218</subfield>
    <subfield code="r">2023-03-01 00:00:00</subfield>
    <subfield code="w">2023-03-01</subfield>
    <subfield code="y">BB</subfield>
  </datafield>
  <datafield tag="952" ind1=" " ind2=" ">
    <subfield code="0">0</subfield>
    <subfield code="1">0</subfield>
    <subfield code="2">ddc</subfield>
    <subfield code="4">0</subfield>
    <subfield code="7">0</subfield>
    <subfield code="8">BOT</subfield>
    <subfield code="a">AL</subfield>
    <subfield code="b">AL</subfield>
    <subfield code="c">UGC</subfield>
    <subfield code="d">2021-02-17</subfield>
    <subfield code="l">0</subfield>
    <subfield code="o">580/13 KOCP</subfield>
    <subfield code="p">BB00222</subfield>
    <subfield code="r">2023-03-01 00:00:00</subfield>
    <subfield code="w">2023-03-01</subfield>
    <subfield code="y">BB</subfield>
  </datafield>
  <datafield tag="952" ind1=" " ind2=" ">
    <subfield code="0">0</subfield>
    <subfield code="1">0</subfield>
    <subfield code="2">ddc</subfield>
    <subfield code="4">0</subfield>
    <subfield code="7">0</subfield>
    <subfield code="8">BOT</subfield>
    <subfield code="a">AL</subfield>
    <subfield code="b">AL</subfield>
    <subfield code="c">UGC</subfield>
    <subfield code="d">2021-02-17</subfield>
    <subfield code="l">0</subfield>
    <subfield code="o">580/12 KOCP</subfield>
    <subfield code="p">BB00221</subfield>
    <subfield code="r">2023-03-01 00:00:00</subfield>
    <subfield code="w">2023-03-01</subfield>
    <subfield code="y">BB</subfield>
  </datafield>
  <datafield tag="952" ind1=" " ind2=" ">
    <subfield code="0">0</subfield>
    <subfield code="1">0</subfield>
    <subfield code="2">ddc</subfield>
    <subfield code="4">0</subfield>
    <subfield code="7">0</subfield>
    <subfield code="8">BOT</subfield>
    <subfield code="a">AL</subfield>
    <subfield code="b">AL</subfield>
    <subfield code="c">UGC</subfield>
    <subfield code="d">2021-02-17</subfield>
    <subfield code="l">0</subfield>
    <subfield code="o">580/188 KOCP</subfield>
    <subfield code="p">BB02973</subfield>
    <subfield code="r">2023-03-01 00:00:00</subfield>
    <subfield code="w">2023-03-01</subfield>
    <subfield code="y">BB</subfield>
  </datafield>
</record>
